Water Resources Reform and Development Act of 2013 : report of the Committee on Transportation and Infrastructure to accompany H.R. 3080 together with additional views.

Bibliographic Details
Corporate Author: United States. Congress. House. Committee on Transportation and Infrastructure (Author)
Format: Government Document eBook
Language:English
Published: [Washington, D.C.] : [U.S. Government Printing Office], [2013]-
Series:Report / 113th Congress, 1st session, House of Representatives ; 113-246
Subjects:
Online Access:Pt. 1:
Pt. 1:

MARC

Tag First Indicator Second Indicator Subfields
LEADER 00000cam a2200000 i 4500
001 in00003429521
005 20210312123917.0
006 m o d f
007 cr b||||||||||
008 131126m20139999dcu o f000 0 eng c
035 |a (OCoLC)ocn864168976 
042 |a pcc 
043 |a n-us--- 
040 |a GPO  |b eng  |e rda  |e pn  |c GPO  |d GPO  |d MvI 
049 |a WWW 
050 1 4 |a KF32  |b .P896 2013m 
074 |a 1008-I (online) 
086 0 |a Y 1.1/8:113-246/ 
110 1 |a United States.  |b Congress.  |b House.  |b Committee on Transportation and Infrastructure,  |e author. 
245 1 0 |a Water Resources Reform and Development Act of 2013 :  |b report of the Committee on Transportation and Infrastructure to accompany H.R. 3080 together with additional views. 
264 1 |a [Washington, D.C.] :  |b [U.S. Government Printing Office],  |c [2013]- 
300 |a 1 online resource (1 volume). 
336 |a text  |b txt  |2 rdacontent 
337 |a computer  |b c  |2 rdamedia 
338 |a online resource  |b cr  |2 rdacarrier 
490 1 |a Report / 113th Congress, 1st session, House of Representatives ;  |v 113-246 
500 |a Title from title screen (viewed on Nov. 26, 2013). 
500 |a "October 21, 2013." 
650 0 |a Water-supply  |x Law and legislation  |z United States. 
650 0 |a Water resources development  |z United States. 
776 0 8 |i Print version:  |a United States. Congress. House. Committee on Transportation and Infrastructure.  |t Water Resources Reform and Development Act of 2013  |w (OCoLC)864169294 
776 0 8 |i Microfiche version:  |a United States. Congress. House. Committee on Transportation and Infrastructure.  |t Water Resources Reform and Development Act of 2013  |w (OCoLC)870871373 
810 1 |a United States.  |b Congress.  |b House.  |t Report ;  |v 113-246. 
856 4 0 |3 Pt. 1:  |u https://purl.fdlp.gov/GPO/gpo41446  |t 0 
856 4 0 |3 Pt. 1:  |u http://purl.fdlp.gov/GPO/gpo41446  |t 0 
999 f f |s 179474cd-4d6a-37bd-94e0-e0692c296e94  |i dadbec25-8c4c-3bea-8496-940bb963c27b  |t 0 
952 f f |a Texas A&M University  |b College Station  |c Electronic Resources  |d Available Online  |t 0  |e Y 1.1/8:113-246/  |h Superintendent of Documents classification 
998 f f |a Y 1.1/8:113-246/  |t 0  |l Available Online